|
|
|
|
| LEADER |
01133nam a2200253 a 4500 |
| 001 |
GR-MES235 |
| 008 |
991111s1985 gr 000 0 gre d |
| 040 |
|
|
|a GrPaTEI
|b gre
|c GR-PaULI
|
| 245 |
0 |
0 |
|a Βιοτεχνολογία :
|b Διεθνείς τάσεις και προοπτικές: μελέτη του ΟΟΣΑ.
|
| 260 |
|
|
|a Αθήνα :
|b Ελληνικό Κέντρο Παραγωγικότητας,
|c 1985
|
| 300 |
|
|
|a 135σελ. :
|b πιν.
|
| 504 |
|
|
|a Βιβλιογραφία: σελ.124-126
|
| 650 |
|
0 |
|a Bιοτεχνολογία
|
| 650 |
|
4 |
|a Βιοχημεία
|
| 650 |
|
4 |
|a Φυσιολογία
|
| 700 |
1 |
|
|a Bull, Alan T.
|
| 700 |
1 |
|
|a Holt, Geoffrey
|
| 700 |
1 |
|
|a Lilly, Malcolb D.
|
| 710 |
0 |
|
|a Ελληνικό Κέντρο Παραγωγικότητας
|
| 710 |
2 |
|
|a Ελληνικό Κέντρο Παραγωγικότητας
|
| 942 |
|
|
|2 ddc
|
| 952 |
|
|
|0 0
|1 0
|2 ddc
|4 0
|6 660_600000000000000_ΒUL
|7 0
|9 263483
|a MSLG
|b MSLG
|c BSC
|d 2021-01-17
|e 24
|f 0
|g 0.00
|l 0
|o 660.6 ΒUL
|p 2420000000617
|r 2021-01-17 00:00:00
|t 1
|w 2021-01-17
|y BK15
|x 19991111 0 1
|x GrPaTEI
|
| 971 |
|
|
|a .b25712767
|b 15-04-20
|c 13-09-16
|
| 999 |
|
|
|c 151672
|d 151672
|